Livres de la Bible - Statistiques

Statistiques générales
  • Ce quiz a été pris 78 fois
  • Le résultat moyen est 33 sur 66
Statistiques - réponses
Réponse % Correct
Genèse
98%
Exode
88%
Matthieu
88%
Apocalypse
83%
Jean
83%
Psaumes
81%
Luc
79%
Marc
79%
Lévitique
71%
Nombres
71%
Deutéronome
69%
Actes
67%
1 Rois
64%
2 Rois
64%
Proverbes
62%
Romains
62%
Ruth
62%
Juges
60%
Jude
57%
Esaïe
55%
Esther
55%
Josué
55%
Philémon
55%
1 Corinthiens
52%
1 Jean
52%
1 Pierre
52%
2 Corinthiens
52%
2 Jean
52%
2 Pierre
52%
Ephésiens
52%
Jérémie
52%
Philippiens
52%
Cantique
50%
Jacques
50%
Daniel
48%
Galates
48%
Osée
48%
Esdras
45%
Ezékiel
45%
Hébreux
45%
1 Chroniques
43%
2 Chroniques
43%
3 Jean
43%
Colossiens
40%
Lamentations
40%
Malachie
40%
Néhémie
40%
Tite
40%
1 Samuel
38%
2 Samuel
38%
Amos
38%
Job
38%
Jonas
36%
Zacharie
36%
1 Thessaloniciens
33%
1 Timothée
33%
2 Timothée
33%
Ecclésiaste
33%
Michée
33%
2 Thessaloniciens
31%
Abdias
29%
Sophonie
26%
Nahum
21%
Joël
19%
Aggée
17%
Habacuc
14%
Aucun quiz correspondant
Distribution des résultats
% des personnes avec chaque résultat
Percentile par nombre de réponses
Votre historique - résultats
Vous n’avez pas pris ce quiz